Exotika alebo účelnosť? Trenčianske Teplice - kúpeľ Hammam

Bibliographic Details
Main Author: Poliačiková, Magdaléna (Author)
Format: Article
Language:Slovak
PhysicalDescription:Fotogr., obr.
ISSN:1335-2180
Subjects:

MARC

LEADER 00000nab a2200000 a 4500
001 vtls000870064
003 SK-MaSNL
005 20260305030411.0
008 250429c2004 xo 0 slo
015 |a SNBRB2004/04-12292 
035 |a CLN000221616 
035 |a urn:nbn:sk:snk-abs8g 
035 |a (urnnbn)urn:nbn:sk:snk:ar-a00u6s 
035 |a (uuid)0f8947c0-c6c7-4947-b653-d0fca56722c0 
040 |a SNKBUCL  |b slo  |c SNKBUCL  |e AACR2 
041 0 |a slo 
044 |a xo  |c SK 
080 |a 725.751(437.6)  |2 1997 
100 1 |a Poliačiková, Magdaléna  |4 aut  |9 1607308 
245 1 0 |a Exotika alebo účelnosť? Trenčianske Teplice - kúpeľ Hammam  |c Magdaléna Poliačiková 
300 |b Fotogr., obr. 
504 |a Poznámky 
610 7 |a Hammam (Trenčianske Teplice, Slovensko)  |x architektúra  |2 snkbucl  |9 1607309 
650 0 7 |a kúpele  |2 snkbucl  |9 1139 
651 7 |a Trenčín (Slovensko : okres)  |2 snkbucl  |9 75018 
655 7 |a články z novín a časopisov  |2 snkbucl  |9 267496 
773 0 |t Projekt  |g Roč. 46, č. 1 (2004), s. 34-40  |x 1335-2180 
850 |a Slovenská národná knižnica 
852 |a Slovenská národná knižnica 
954 |a odborná, vedecká literatúra pôvodná (slovenská)  |2 lita 
958 |a article27 
958 |a SK 
958 |a OND 
958 |a EUIPO 
992 |a RBX 
999 |c 3311249  |d 3313179